Loading...
| Current Events | 1 | 30.00 | 100% | 100% | 100% |
| Fine Arts - Auditory Fine Arts | 4 | 15.00 | 100% | 25% | 25% |
| Fine Arts - Other Fine Arts | 8 | 21.25 | 100% | 63% | 50% |
| Fine Arts - Visual Fine Arts | 3 | 20.00 | 100% | 100% | 0% |
| Geography | 1 | 20.00 | 100% | 100% | 0% |
| History - American History | 1 | 20.00 | 100% | 100% | 0% |
| History - European History | 4 | 7.50 | 50% | 25% | 0% |
| History - Other History | 5 | 12.00 | 60% | 60% | 0% |
| History - World History | 5 | 24.00 | 100% | 80% | 60% |
| Literature - American Literature | 2 | 15.00 | 100% | 50% | 0% |
| Literature - British Literature | 2 | 15.00 | 100% | 50% | 0% |
| Literature - European Literature | 6 | 15.00 | 83% | 67% | 0% |
| Literature - World Literature | 4 | 17.50 | 100% | 25% | 50% |
| Mythology | 2 | 25.00 | 100% | 100% | 50% |
| Philosophy | 3 | 23.33 | 100% | 67% | 67% |
| Religion | 3 | 16.67 | 100% | 33% | 33% |
| Science - Biology | 3 | 10.00 | 67% | 33% | 0% |
| Science - Chemistry | 5 | 6.00 | 60% | 0% | 0% |
| Science - Other Science | 4 | 10.00 | 100% | 0% | 0% |
| Science - Physics | 2 | 5.00 | 50% | 0% | 0% |
| Social Science | 4 | 12.50 | 100% | 25% | 0% |